| 000 | 00388cam a22001337a 4500 | ||
|---|---|---|---|
| 008 | 180718b1978 xxu||||| |||| 00| 0 eng d | ||
| 082 | _aN63x54 B299 | ||
| 245 |
_aUnderground literature during Indian emergency _cedited by Sajal Basu |
||
| 260 |
_aCalcutta _bMinerva _c1978 |
||
| 300 | _a242p. | ||
| 650 | _aProhibited books - India | ||
| 650 | _aCensorship - India | ||
| 700 | _aBasu, Sajal | ||
| 999 |
_c340849 _d340849 |
||